[Event "4NCL 3 South pool C"]
[Site "Reading, ENG"]
[Date "2018.05.05"]
[Round "9.11"]
[White "Tippleston, Charles E"]
[Black "Brozel, Sacha"]
[Result "0-1"]
[WhiteElo "2083"]
[BlackElo "2230"]
[PlyCount "122"]
[EventDate "2018.05.05"]

1. e4 e6 2. d4 d5 3. Nc3 Bb4 4. e5 c5 5. a3 Bxc3+ 6. bxc3 Qa5 7. Bd2 Qa4 8. Nf3
b6 9. Be3 Nd7 10. Be2 Ba6 11. O-O Bxe2 12. Qxe2 Ne7 13. Ng5 h6 14. Nf3 c4 15.
Nh4 O-O-O 16. f4 g6 17. Rf2 Rdg8 18. Nf3 Rg7 19. g3 Rhg8 20. Bc1 g5 21. fxg5
hxg5 22. Bb2 Qb5 23. Bc1 Qc6 24. a4 a5 25. Qf1 g4 26. Nh4 Nf5 27. Rxf5 exf5 28.
Nxf5 Qe6 29. Nxg7 Rxg7 30. Rb1 Kb7 31. Bf4 f6 32. Re1 fxe5 33. Bxe5 Rf7 34. Bf4
Qc6 35. Qe2 Nf6 36. Ra1 Ka6 37. Be5 Qe6 38. Rf1 Ne4 39. Rxf7 Qxf7 40. Bf4 Qd7
41. Bd2 Qf5 42. Bc1 Qd7 43. Bb2 Qf7 44. Qe3 Qf5 45. Qf4 Qxf4 46. gxf4 b5 47.
axb5+ Kxb5 48. Kg2 Kc6 49. h3 gxh3+ 50. Kxh3 Nf2+ 51. Kh4 Nd3 52. Ba1 Nxf4 53.
Kg4 Ne6 54. Kf3 Nc7 55. Ke2 a4 56. Bb2 Nb5 57. Kd2 a3 58. Bc1 Kd6 59. Ke3 Ke6
60. Kf4 a2 61. Bb2 Na3 0-1

[Event "4NCL 3 South pool C"]
[Site "Reading, ENG"]
[Date "2018.05.05"]
[Round "9.12"]
[White "Villiers, Thomas"]
[Black "Reuben, Stewart"]
[Result "1-0"]
[WhiteElo "2230"]
[BlackElo "2026"]
[PlyCount "131"]
[EventDate "2018.05.05"]

1. Nf3 c5 2. b3 Nf6 3. Bb2 e6 4. e3 Be7 5. Be2 Nc6 6. O-O O-O 7. c4 d5 8. cxd5
Nxd5 9. Nc3 Bf6 10. Qc2 Ndb4 11. Qb1 Ne5 12. Nxe5 Bxe5 13. Rd1 Bd7 14. d4 cxd4
15. exd4 Bf6 16. Bf3 Bc6 17. Bxc6 Nxc6 18. d5 Bxc3 19. dxc6 Qf6 20. cxb7 Rab8
21. Bxc3 Qxc3 22. Qe4 Qc7 23. Rd4 23... Qxb7 $11 24. Qd3 Qb5 25. Qxb5 Rxb5 26.
Rc1 Rd5 27. Rxd5 exd5 28. Kf1 g6 29. Rc7 a6 30. Rd7 Rc8 31. Rxd5 Rc2 32. Ra5
Rc6 33. Ke2 Kf8 34. Rd5 Ke7 35. Kd2 Ke6 36. Rd8 a5 37. Ra8 Rc5 38. Ra6+ Ke5 39.
a3 Rd5+ 40. Ke3 Rb5 41. Kd2 Kd4 42. Rd6+ Ke5 43. Rd3 h5 44. Kc3 Rc5+ 45. Kb2
Rb5 46. Rc3 g5 47. Rc4 g4 48. b4 axb4 49. axb4 Rb6 50. Kb3 Rf6 51. Rc2 Ke4 52.
b5 Kd3 53. Rb2 Re6 54. Kb4 Re4+ 55. Kc5 Kc3 56. Rb1 Rc4+ 57. Kd5 Rd4+ 58. Ke5
Rd8 59. b6 Rb8 60. b7 Kc2 61. Rb6 Kd1 62. Kd6 Ke1 63. Kc7 Rxb7+ 64. Rxb7 Kxf2
65. Rb2+ Kg1 66. g3 1-0

[Event "4NCL 3 South pool C"]
[Site "Reading, ENG"]
[Date "2018.05.05"]
[Round "9.13"]
[White "Habershon, Paul F"]
[Black "Willmoth, Robert F"]
[Result "0-1"]
[WhiteElo "2029"]
[BlackElo "2290"]
[PlyCount "72"]
[EventDate "2018.05.05"]

1. e4 d6 2. d4 Nf6 3. Nc3 g6 4. Nf3 Bg7 5. Be2 O-O 6. O-O c6 7. h3 Qc7 8. Bf4
Nbd7 9. Qd2 b5 10. a3 Bb7 11. e5 dxe5 12. Nxe5 Nxe5 13. Bxe5 Qb6 14. Rad1 Rac8
15. Bf3 Rfd8 16. Qf4 Nd5 17. Nxd5 cxd5 18. Bxg7 Kxg7 19. Rfe1 Qf6 20. Qxf6+
Kxf6 21. c3 a5 22. Rc1 Rc7 23. Be2 Bc6 24. Bd3 Bd7 25. Re5 e6 26. Ra1 Ke7 27.
f4 Kd6 28. g4 Rb8 29. g5 b4 30. axb4 axb4 31. Ra6+ Ke7 32. cxb4 Rxb4 33. f5
Rc1+ 34. Kf2 Rxb2+ 35. Kg3 Rc3 36. f6+ Kd8 0-1

[Event "4NCL 3 South pool C"]
[Site "Reading, ENG"]
[Date "2018.05.05"]
[Round "9.14"]
[White "Ethelontis, Alexandros N"]
[Black "Freeman, Richard C P"]
[Result "1/2-1/2"]
[WhiteElo "2125"]
[BlackElo "2007"]
[PlyCount "53"]
[EventDate "2018.05.05"]

1. c4 g6 2. g3 Bg7 3. Bg2 e5 4. Nc3 Nc6 5. d3 d6 6. Rb1 f5 7. e3 Nf6 8. Nge2
O-O 9. O-O Ne7 10. b3 c6 11. Ba3 Be6 12. d4 Re8 13. Rc1 Qd7 14. dxe5 dxe5 15.
Na4 Rad8 16. Nc5 Qc8 17. Qc2 Bf7 18. Rfd1 Qc7 19. Bb2 b6 20. Nd3 Nd7 21. Bc3 e4
22. Ndf4 Bxc3 23. Qxc3 Qe5 24. Nd4 g5 25. Nfe2 Nc5 26. Rc2 Nd3 27. Rcd2 1/2-1/2

[Event "4NCL 3 South pool C"]
[Site "Reading, ENG"]
[Date "2018.05.05"]
[Round "9.15"]
[White "Smith, Graham"]
[Black "Eden, Tomer"]
[Result "0-1"]
[WhiteElo "2030"]
[BlackElo "2185"]
[PlyCount "47"]
[EventDate "2018.05.05"]

1. b3 e5 2. Bb2 Nc6 3. e3 d5 4. Bb5 Bd6 5. f4 f6 6. Qh5+ g6 7. Qh4 exf4 8. exf4
Bd7 9. Nc3 Qe7+ 10. Nge2 Qf7 11. O-O-O O-O-O 12. Qf2 Nge7 13. Na4 a6 14. Bxc6
Nxc6 15. Nc5 Bg4 16. Rde1 Rhe8 17. Ng3 h5 18. h4 f5 19. Nd3 d4 20. Rxe8 Rxe8
21. Re1 Rxe1+ 22. Qxe1 Qe7 23. Qh1 Kb8 24. Qh2 0-1

[Event "4NCL 3 South pool C"]
[Site "Reading, ENG"]
[Date "2018.05.05"]
[Round "9.16"]
[White "Chauhan, Pranay"]
[Black "Elwin, Adrian G"]
[Result "1-0"]
[WhiteElo "1997"]
[BlackElo "1993"]
[PlyCount "115"]
[EventDate "2018.05.05"]

1. Nf3 Nf6 2. g3 g6 3. d4 Bg7 4. Bg2 d6 5. c4 c6 6. Nc3 Nbd7 7. O-O O-O 8. e4
e5 9. h3 Ne8 10. Be3 Qc7 11. Qd2 f6 12. Rac1 a6 13. Rfd1 exd4 14. Nxd4 Ne5 15.
b3 Qf7 16. Na4 c5 17. Nf3 Be6 18. Nb6 Rb8 19. Kh2 Nxf3+ 20. Bxf3 h5 21. Qe2 f5
22. Rd2 Be5 23. exf5 Qxf5 24. Bg2 h4 25. Rf1 Nf6 26. Qf3 Nh5 27. Qxf5 hxg3+ 28.
Kg1 Rxf5 29. Nd5 gxf2+ 30. Rdxf2 Kg7 31. Nc7 Bd7 32. Bd5 Ng3 33. Re1 Rh8 34.
Rxf5 Nxf5 35. Bxc5 Rxh3 36. Bf2 Nh4 37. Bxb7 Nf3+ 38. Bxf3 Rxf3 39. Nxa6 Bc6
40. Re3 Rf7 41. Nb4 Bf3 42. Nd3 Bd4 43. Rxf3 Rxf3 44. Bxd4+ Kf7 45. Nb4 Ke6 46.
Kg2 Rf4 47. Be3 Re4 48. Nd5 Kf5 49. a4 Re8 50. a5 Rb8 51. Bb6 Ke4 52. a6 Kd3
53. a7 Rf8 54. Bc7 Ra8 55. Bb8 Kc2 56. b4 Kb3 57. b5 Kxc4 58. Nb6+ 1-0

[Event "4NCL 3 South pool C"]
[Site "Reading, ENG"]
[Date "2018.05.05"]
[Round "9.21"]
[White "Hadi, Justin"]
[Black "Gill, Oliver"]
[Result "1/2-1/2"]
[WhiteElo "2013"]
[BlackElo "2133"]
[PlyCount "55"]
[EventDate "2018.05.05"]

1. d4 d5 2. Bf4 Nc6 3. Nf3 Bg4 4. e3 e6 5. c4 Bb4+ 6. Nc3 Nge7 7. a3 Bxc3+ 8.
bxc3 O-O 9. Be2 dxc4 10. Bxc4 Nd5 11. Bg3 Nxc3 12. Qb3 Ne4 13. Qxb7 Bxf3 14.
gxf3 Na5 15. Qxe4 Nxc4 16. Qc6 Nd6 17. O-O Qe7 18. Rfc1 Rfc8 19. Rc3 h5 20.
Rac1 h4 21. Bxd6 cxd6 22. Qxc8+ Rxc8 23. Rxc8+ Kh7 24. h3 Qf6 25. f4 g5 26.
fxg5 Qxg5+ 27. Kh2 Qf5 28. Kg2 1/2-1/2

[Event "4NCL 3 South pool C"]
[Site "Reading, ENG"]
[Date "2018.05.05"]
[Round "9.22"]
[White "Pleasants, Allan J"]
[Black "Terry, Sean"]
[Result "1/2-1/2"]
[WhiteElo "2118"]
[BlackElo "1932"]
[PlyCount "56"]
[EventDate "2018.05.05"]

1. d4 Nf6 2. Bg5 c5 3. d5 Qb6 4. Nc3 Qxb2 5. Bd2 Qb6 6. e4 d6 7. Rb1 Qd8 8. f4
g6 9. Nf3 Bg7 10. Bc4 O-O 11. O-O Nbd7 12. Re1 Nb6 13. Bf1 e6 14. dxe6 Bxe6 15.
Ng5 Bg4 16. Be2 Qd7 17. h3 Bxe2 18. Qxe2 Rfe8 19. a4 h6 20. a5 hxg5 21. axb6
gxf4 22. Bxf4 Nh5 23. Nd5 Nxf4 24. Nxf4 axb6 25. Nd5 Qa4 26. Nc7 c4 27. Nxa8
Rxa8 28. Rbd1 Qc6 1/2-1/2

[Event "4NCL 3 South pool C"]
[Site "Reading, ENG"]
[Date "2018.05.05"]
[Round "9.23"]
[White "Currie, Bruno"]
[Black "McDougall, William M"]
[Result "0-1"]
[WhiteElo "1990"]
[BlackElo "2073"]
[PlyCount "82"]
[EventDate "2018.05.05"]

1. e4 c5 2. Nc3 Nc6 3. f4 g6 4. Nf3 Bg7 5. Bb5 Nd4 6. O-O a6 7. Bd3 e6 8. e5 d5
9. Nxd4 cxd4 10. Ne2 Ne7 11. b3 Qb6 12. Ba3 Nc6 13. Qe1 Bd7 14. Kh1 O-O-O 15.
c3 dxc3 16. Nxc3 Bf8 17. Bb2 Nb4 18. Rc1 Kb8 19. Be2 Be7 20. Rf3 d4 21. Na4
Bxa4 22. bxa4 d3 23. Bd1 Nxa2 24. Rb1 Ba3 25. Be2 Bxb2 26. Bxd3 Qd4 27. Bxa6
Qxd2 28. Qe4 Qd5 29. Qxd5 Rxd5 30. Rxb2 Rd1+ 31. Rf1 Rxf1+ 32. Bxf1 Nc3 33. Ba6
Ka7 34. Bf1 Rd8 35. Rb4 Rd1 36. Kg1 Nd5 37. Re4 Ra1 38. Kf2 Kb6 39. Rd4 Kc5 40.
Rc4+ Kb6 41. g3 Rxf1+ 0-1

[Event "4NCL 3 South pool C"]
[Site "Reading, ENG"]
[Date "2018.05.05"]
[Round "9.24"]
[White "Wilson, Jaimie"]
[Black "Foster, Cyril"]
[Result "1-0"]
[WhiteElo "2018"]
[BlackElo "1892"]
[PlyCount "85"]
[EventDate "2018.05.05"]

1. c4 e5 2. Nc3 Nf6 3. Nf3 Nc6 4. e3 Bb4 5. Qc2 d6 6. Nd5 Bc5 7. a3 a5 8. b3
O-O 9. Bb2 Re8 10. Ng5 h6 11. Nxf6+ Qxf6 12. Qh7+ Kf8 13. Ne4 Qf5 14. Qxf5 Bxf5
15. Nxc5 dxc5 16. d3 Rad8 17. O-O-O Rd6 18. Be2 Red8 19. Bf3 f6 20. Bxc6 bxc6
21. e4 Be6 22. a4 Rxd3 23. Rxd3 Rxd3 24. Kc2 Rd8 25. Ba3 Kf7 26. Bxc5 Ra8 27.
f3 Ke8 28. g4 Kf7 29. h4 Rh8 30. Be3 Kg6 31. Bd2 Ra8 32. Rg1 Kf7 33. Rg2 Bd7
34. g5 hxg5 35. hxg5 f5 36. Bc3 Ke6 37. Rh2 fxe4 38. fxe4 c5 39. Rh7 Kf7 40.
Bxe5 Bc6 41. Rxg7+ Kf8 42. Rxc7 Bxe4+ 43. Kb2 1-0

[Event "4NCL 3 South pool C"]
[Site "Reading, ENG"]
[Date "2018.05.05"]
[Round "9.25"]
[White "Cole, James"]
[Black "Gregory, Keith D F"]
[Result "1/2-1/2"]
[WhiteElo "1945"]
[BlackElo "1975"]
[PlyCount "102"]
[EventDate "2018.05.05"]

1. e4 d6 2. d4 Nf6 3. Nc3 Nbd7 4. g4 h6 5. h3 e5 6. Nge2 c6 7. Be3 Be7 8. Bg2
Nf8 9. Qd2 Ng6 10. Ng3 Nh4 11. f4 exf4 12. Bxf4 d5 13. e5 Ng8 14. O-O-O g6 15.
Kb1 Be6 16. Bf1 16... Bg5 $11 17. Bd3 Bxf4 18. Qxf4 Qg5 19. Qf2 O-O-O 20. Nce2
Kb8 21. Nf4 Bc8 22. c4 Ne7 23. Nge2 Rhf8 24. Qg3 Ka8 25. Rhf1 f5 26. exf6 Rxf6
27. cxd5 cxd5 28. Nc3 Nhf5 29. Qg1 Nh4 30. Nfe2 Rdf8 31. Rxf6 Rxf6 32. Qg3 a6
33. Qc7 Rc6 34. Qf4 Rf6 35. Qc7 Rc6 36. Qd8 Qe3 37. Bc2 Qe6 38. Nf4 Qd6 39.
Qxd6 Rxd6 40. Bb3 h5 41. Re1 Nc6 42. Re8 Rd8 43. Rxd8 Nxd8 44. gxh5 gxh5 45.
Ncxd5 Kb8 46. Nf6 Nf3 47. N6xh5 Nxd4 48. Bd5 Kc7 49. Be4 Kd6 50. Ng6 Bxh3 51.
Ng3 N8c6 1/2-1/2

[Event "4NCL 3 South pool C"]
[Site "Reading, ENG"]
[Date "2018.05.05"]
[Round "9.26"]
[White "Marsh, Roger D W"]
[Black "Moyse, Nigel John"]
[Result "0-1"]
[WhiteElo "1956"]
[BlackElo "1945"]
[PlyCount "70"]
[EventDate "2018.05.05"]

1. d4 Nf6 2. c4 g6 3. Nc3 Bg7 4. e4 d6 5. Be2 O-O 6. f4 c6 7. Nf3 Qc7 8. e5 Ne8
9. O-O f6 10. Be3 fxe5 11. fxe5 Bg4 12. Ng5 Bxe2 13. Rxf8+ Bxf8 14. Qxe2 dxe5
15. Ne6 Qa5 16. Nxf8 Kxf8 17. dxe5 Nd7 18. Rf1+ Kg8 19. Bh6 Ng7 20. Bxg7 Kxg7
21. e6 Qc5+ 22. Kh1 Nf6 23. a3 Rd8 24. Rd1 Rd4 25. Rxd4 Qxd4 26. h3 Qd6 27. Qe3
b6 28. b4 Nh5 29. g4 Qf4 30. Qd3 Nf6 31. b5 cxb5 32. Nxb5 Ne4 33. Qd4+ Kh6 34.
Qd5 Qf1+ 35. Kh2 Qf2+ 0-1

[Event "4NCL 3 South pool C"]
[Site "Reading, ENG"]
[Date "2018.05.05"]
[Round "9.31"]
[White "Thompson, Ian D"]
[Black "Brown, Thomas"]
[Result "0-1"]
[WhiteElo "2191"]
[BlackElo "2076"]
[PlyCount "32"]
[EventDate "2018.05.05"]

1. c4 g6 2. Nc3 Bg7 3. g3 c5 4. Bg2 Nc6 5. Nf3 e6 6. d4 Nxd4 7. Nxd4 cxd4 8.
Nb5 d5 9. Nxd4 dxc4 10. Be3 Ne7 11. Qa4+ Bd7 12. Qxc4 Rc8 13. Qd3 Nd5 14. Bd2
Qb6 15. Nc2 Qxb2 16. Rc1 Nb4 0-1

[Event "4NCL 3 South pool C"]
[Site "Reading, ENG"]
[Date "2018.05.05"]
[Round "9.32"]
[White "Heaven, Pete"]
[Black "Frostick, Clive A"]
[Result "1-0"]
[WhiteElo "2022"]
[BlackElo "2157"]
[PlyCount "41"]
[EventDate "2018.05.05"]

1. e4 c5 2. Nf3 Nf6 3. Nc3 Nc6 4. d4 d5 5. exd5 Nxd5 6. Bc4 Nxc3 7. bxc3 e6 8.
O-O Be7 9. Qe2 O-O 10. Qe4 cxd4 11. cxd4 Bf6 12. Rd1 Bd7 13. Rb1 b6 14. Bf4 Qe7
15. Ne5 Rac8 16. Ba6 Nb4 17. Nxd7 Nxa6 18. Nxf8 Kxf8 19. Qxh7 Ke8 20. Qd3 Nc7
21. c4 1-0

[Event "4NCL 3 South pool C"]
[Site "Reading, ENG"]
[Date "2018.05.05"]
[Round "9.33"]
[White "Farrand, Tom"]
[Black "Hewitt, William"]
[Result "1/2-1/2"]
[WhiteElo "2145"]
[BlackElo "2023"]
[PlyCount "60"]
[EventDate "2018.05.05"]

1. e4 c6 2. d4 d5 3. exd5 cxd5 4. Bd3 Nc6 5. c3 Qc7 6. Nf3 g6 7. O-O Bf5 8. Bg5
Bxd3 9. Qxd3 Bg7 10. Re1 Nf6 11. Nbd2 O-O 12. h3 h6 13. Bh4 Nh5 14. Nf1 e6 15.
Qe3 Kh7 16. g4 Nf6 17. N1d2 b5 18. Bg3 Qe7 19. Bh4 Qc7 20. Bg3 Qe7 21. a3 a5
22. Bh4 Qb7 23. g5 Nh5 24. gxh6 Bxh6 25. Ng5+ Kg8 26. Nb3 Ne7 27. Nc5 Qc6 28.
Qf3 Nf5 29. Qg4 Nf6 30. Qf4 Nh5 1/2-1/2

[Event "4NCL 3 South pool C"]
[Site "Reading, ENG"]
[Date "2018.05.05"]
[Round "9.34"]
[White "Young, Alan"]
[Black "Amato, Giampiero"]
[Result "1-0"]
[WhiteElo "2023"]
[BlackElo "2095"]
[PlyCount "91"]
[EventDate "2018.05.05"]

1. e4 e5 2. Nf3 Nf6 3. d4 Nxe4 4. Bd3 d5 5. Nxe5 Nd7 6. Nxd7 Bxd7 7. Nc3 Nf6 8.
Bg5 Be6 9. O-O Be7 10. f4 O-O 11. f5 Bd7 12. Kh1 c6 13. Qf3 Re8 14. Rae1 Bb4
15. Rxe8+ Bxe8 16. Ne2 Rc8 17. Nf4 Qd6 18. Qg3 Bd7 19. Qh4 Re8 20. c3 Ba5 21.
Re1 Rxe1+ 22. Qxe1 h6 23. Bxf6 gxf6 24. Qg3+ Kh7 25. Nh5 Qxg3 26. Nxf6+ Kh8 27.
hxg3 Bc8 28. Ne8 Bd7 29. Nd6 f6 30. Nxb7 Bc7 31. Nc5 Bc8 32. Kh2 Bd6 33. Kh3
Kg7 34. Kg4 Kf7 35. Bc2 a5 36. Ba4 h5+ 37. Kf3 Bxf5 38. Bxc6 Bxc5 39. Bxd5+ Ke7
40. dxc5 Bg4+ 41. Kf4 a4 42. b4 a3 43. b5 Kd7 44. b6 Be2 45. c6+ Kd6 46. c4 1-0

[Event "4NCL 3 South pool C"]
[Site "Reading, ENG"]
[Date "2018.05.05"]
[Round "9.35"]
[White "Scrimgour, Alan"]
[Black "Ralphs, Nigel"]
[Result "1/2-1/2"]
[WhiteElo "2083"]
[BlackElo "1981"]
[PlyCount "46"]
[EventDate "2018.05.05"]

1. e4 e6 2. d4 d5 3. e5 c5 4. c3 Nc6 5. Nf3 Qb6 6. a3 Nh6 7. b4 cxd4 8. Bxh6
gxh6 9. cxd4 Bd7 10. Be2 Bg7 11. O-O Rc8 12. Qd2 Nxd4 13. Qxd4 Qxd4 14. Nxd4
Bxe5 15. Nb3 Bxa1 16. Nxa1 Ke7 17. f4 Rc7 18. Nb3 b6 19. Nd4 Rhc8 20. Ba6 Rb8
21. Bd3 Rbc8 22. Ba6 Rb8 23. Bd3 Rbc8 1/2-1/2

[Event "4NCL 3 South pool C"]
[Site "Reading, ENG"]
[Date "2018.05.05"]
[Round "9.36"]
[White "Trevelyan, John"]
[Black "Fegan, Chris"]
[Result "0-1"]
[WhiteElo "2006"]
[BlackElo "2036"]
[PlyCount "58"]
[EventDate "2018.05.05"]

1. d4 f5 2. c4 Nf6 3. Nc3 g6 4. e3 Bg7 5. Bd3 O-O 6. f4 e6 7. Nf3 Nc6 8. O-O d6
9. e4 fxe4 10. Nxe4 Kh8 11. Nc3 a6 12. Qe1 Nh5 13. Ne2 Qe7 14. d5 exd5 15. cxd5
Nd8 16. Ng5 Nf7 17. Ne4 Bf5 18. N2c3 Rae8 19. Bd2 Nf6 20. Nf2 Qd7 21. Qb1 Nh6
22. Qc2 b5 23. Qb3 Bxd3 24. Nxd3 Qf5 25. Rf3 Nfg4 26. Qb4 Nf6 27. Rc1 Re7 28.
Re3 Rxe3 29. Bxe3 Qxd3 0-1

[Event "4NCL 3 South pool C"]
[Site "Reading, ENG"]
[Date "2018.05.05"]
[Round "9.41"]
[White "Mihalik, Agoston"]
[Black "Nettleton, Charlie B"]
[Result "1-0"]
[WhiteElo "2168"]
[BlackElo "2162"]
[PlyCount "57"]
[EventDate "2018.05.05"]

1. e4 g6 2. d4 Bg7 3. Nc3 c6 4. Bc4 b5 5. Bb3 a5 6. a3 Ba6 7. Qf3 e6 8. e5 f5
9. h4 Ne7 10. h5 Nd5 11. hxg6 hxg6 12. Rxh8+ Bxh8 13. Qh3 Bg7 14. Qh7 Qe7 15.
Nxd5 cxd5 16. Qxg6+ Qf7 17. Qxf7+ Kxf7 18. c3 Nc6 19. Nh3 b4 20. axb4 axb4 21.
Bd2 Bb7 22. Rxa8 Bxa8 23. Ng5+ Ke7 24. Ba4 Bh6 25. Nf3 Bf8 26. cxb4 Kd8 27. b5
Nb4 28. Ke2 Kc7 29. Nh4 1-0

[Event "4NCL 3 South pool C"]
[Site "Reading, ENG"]
[Date "2018.05.05"]
[Round "9.42"]
[White "Somerfield, Adrian P"]
[Black "Martin, Lewis"]
[Result "1/2-1/2"]
[WhiteElo "2085"]
[BlackElo "2089"]
[PlyCount "84"]
[EventDate "2018.05.05"]

1. d4 d5 2. Nf3 Nf6 3. e3 c6 4. c4 Bf5 5. Qb3 Qb6 6. Qxb6 axb6 7. cxd5 Nxd5 8.
Bd2 e6 9. Nc3 Nxc3 10. Bxc3 Be7 11. Ne5 f6 12. Nd3 O-O 13. Nf4 g5 14. e4 Bxe4
15. Nxe6 Rc8 16. Bc4 Bd5 17. Bxd5 cxd5 18. f4 Kf7 19. f5 Bd6 20. g4 Nc6 21. a3
h5 22. h3 h4 23. Ke2 $11 23... Ra4 24. Kd3 Na7 25. Rhc1 Nb5 26. Bd2 Rac4 27. a4
Nc7 28. Nxc7 R8xc7 29. b3 R4c6 30. Rxc6 bxc6 31. b4 Ra7 32. a5 Bc7 33. Bc3 Ke7
34. axb6 Bxb6 35. Rxa7+ Bxa7 36. Kc2 Kd7 37. Kb3 Kc7 38. Ka4 Kb6 39. Bd2 Bb8
40. Be3 Bg3 41. Bg1 Bf4 42. Bf2 Ka6 1/2-1/2

[Event "4NCL 3 South pool C"]
[Site "Reading, ENG"]
[Date "2018.05.05"]
[Round "9.43"]
[White "Richmond, Jane"]
[Black "Chan, Nevil"]
[Result "1-0"]
[WhiteElo "2096"]
[BlackElo "2019"]
[PlyCount "77"]
[EventDate "2018.05.05"]

1. e4 b6 2. d4 Bb7 3. Nc3 e6 4. a3 Nf6 5. Bd3 d5 6. e5 Nfd7 7. f4 g6 8. Nf3 c5
9. Be3 Ba6 10. Bf2 Bxd3 11. cxd3 Be7 12. Rc1 Nc6 13. O-O Rc8 14. Qa4 O-O 15.
Qb5 Ncb8 16. Ne2 Rc7 17. dxc5 bxc5 18. b4 Qc8 19. Rc3 Qa6 20. Qxa6 Nxa6 21. b5
Nab8 22. Ned4 Rfc8 23. Rfc1 Nb6 24. Nb3 Na4 25. R3c2 a6 26. b6 Nxb6 27. Nxc5
Na4 28. d4 Nd7 29. Nd2 Ndxc5 30. Kf1 a5 31. dxc5 Rb8 32. Nf3 Rb3 33. Nd4 Rb2
34. Rxb2 Nxb2 35. Nb5 Rc6 36. Ke2 Nc4 37. Nd6 Bxd6 38. cxd6 Rc8 39. Bh4 1-0

[Event "4NCL 3 South pool C"]
[Site "Reading, ENG"]
[Date "2018.05.05"]
[Round "9.44"]
[White "Gooding, Ian"]
[Black "Onley, David E"]
[Result "0-1"]
[WhiteElo "1982"]
[BlackElo "2104"]
[PlyCount "122"]
[EventDate "2018.05.05"]

1. e4 c5 2. Nf3 e6 3. d4 cxd4 4. Nxd4 Nc6 5. Nc3 a6 6. Nxc6 bxc6 7. Bd3 d5 8.
O-O Bd6 9. Qe2 Ne7 10. e5 Bb8 11. Kh1 O-O 12. f4 f5 13. Na4 Qa5 14. b3 c5 15.
Qf2 Ba7 16. Be3 d4 17. Bd2 Qc7 18. Nb2 Nd5 19. Nc4 Bb6 20. Rac1 a5 21. c3 dxc3
22. Bxc3 Bd7 23. Bb2 Ba7 24. Qh4 Bc6 25. Rf3 Nb4 26. Rh3 h6 27. a3 Nxd3 28.
Rxd3 Be4 29. Rd6 Bd5 30. Qg3 Rab8 31. h4 a4 32. b4 Qb7 33. Ne3 Be4 34. Rxe6
cxb4 35. Rg6 bxa3 36. Bxa3 Rfc8 37. Nc4 Bc5 38. Na5 Qa7 39. Bxc5 Rxc5 40. Rxg7+
Qxg7 41. Qxg7+ Kxg7 42. Rxc5 a3 43. Rc7+ Kf8 44. Ra7 a2 45. Nb7 Bb1 46. Nd6 Rb2
47. Kh2 Rd2 48. Nc4 Re2 49. Kg3 Be4 50. e6 Bd5 51. e7+ Rxe7 52. Rxa2 Bxc4 53.
Ra5 Bd3 54. Rd5 Be4 55. Rd6 Rg7+ 56. Kh3 Bxg2+ 57. Kh2 Be4 58. Rxh6 Rg4 59. Rh7
Kg8 60. Rh6 Kg7 61. Rh5 Rxf4 0-1

[Event "4NCL 3 South pool C"]
[Site "Reading, ENG"]
[Date "2018.05.05"]
[Round "9.45"]
[White "Headlong, Timothy"]
[Black "Webster, Peter AN"]
[Result "1-0"]
[WhiteElo "2128"]
[BlackElo "1897"]
[PlyCount "97"]
[EventDate "2018.05.05"]

1. Nf3 e6 2. c4 Nf6 3. g3 d5 4. Bg2 dxc4 5. Qa4+ Bd7 6. Qxc4 Bc6 7. O-O Nbd7 8.
d3 Be7 9. Qc2 O-O 10. Nbd2 a5 11. Nc4 Ra6 12. e4 Nc5 13. Nfe5 Bb5 14. Rd1 Qe8
15. Be3 Ncd7 16. a4 Bxc4 17. Nxc4 Rc6 18. Qb3 Bb4 19. d4 Nb6 20. Ne5 Rd6 21.
Nd3 Rc6 22. Nxb4 axb4 23. Bd2 Qa8 24. Bxb4 Rd8 25. d5 exd5 26. exd5 Rc4 27. Be7
Rxd5 28. Bxd5 Nfxd5 29. Rxd5 Nxd5 30. Qxc4 Nxe7 31. Qxc7 Ng6 32. a5 Nf8 33. Rc1
g6 34. b4 Kg7 35. Qe5+ Kg8 36. Qc5 h5 37. h4 Qa6 38. Qc4 Qd6 39. Qf4 Qd5 40.
Qf6 Qd7 41. Qc3 Qd6 42. Qc5 Qd7 43. b5 Kg7 44. Qe5+ Kg8 45. Rc7 Qd1+ 46. Kg2
Qd8 47. b6 Ne6 48. Rxb7 Qa8 49. Qb8+ 1-0

[Event "4NCL 3 South pool C"]
[Site "Reading, ENG"]
[Date "2018.05.05"]
[Round "9.46"]
[White "O'Shea, Colm"]
[Black "Richmond, Peter"]
[Result "0-1"]
[WhiteElo "1817"]
[BlackElo "2091"]
[PlyCount "102"]
[EventDate "2018.05.05"]

1. e4 c5 2. Nc3 a6 3. g3 b5 4. Bg2 Bb7 5. d3 Nc6 6. f4 e6 7. Nf3 b4 8. Ne2 d5
9. O-O dxe4 10. dxe4 Nf6 11. e5 Nd5 12. c4 bxc3 13. Nxc3 Be7 14. Qb3 Qb6 15.
Qxb6 Nxb6 16. Rd1 Nb4 17. Nd2 Bxg2 18. Kxg2 Nc2 19. Rb1 Ne3+ 20. Kf3 Nxd1 21.
Nxd1 O-O-O 22. Nf2 f6 23. exf6 gxf6 24. Nde4 f5 25. Nc3 Kb7 26. b3 Bf6 27. Ncd1
Rd7 28. Be3 Bd4 29. Nb2 Rhd8 30. Nc4 Nxc4 31. bxc4+ Kc6 32. Rb3 Rb7 33. Rxb7
Kxb7 34. Nd3 Kc6 35. Bc1 Kd6 36. h3 e5 37. fxe5+ Bxe5 38. g4 fxg4+ 39. hxg4 Bd4
40. Bf4+ Kc6 41. Ke4 Re8+ 42. Kf3 Re7 43. Bc1 Rb7 44. g5 Rb1 45. Bf4 a5 46. Ke4
a4 47. Kf5 Rd1 48. Ke4 Rg1 49. Kf3 Ra1 50. Nc1 Bb2 51. Nd3 Rxa2 0-1